000 00271nam a22001097a 4500
040 _cSH
082 _a895
100 _aណៃ​ សុវឿន
245 _aអក្សរសាស្ត្រខ្មែរ
260 _aRUA
_bណៃ សុវឿន
_c2011
942 _cKB
999 _c8414
_d8414